| 000 | 00358 a2200133 4500 | ||
|---|---|---|---|
| 005 | 20250403143921.0 | ||
| 020 | _a0-395-32604-4 | ||
| 082 | _a519.5 DAN | ||
| 100 | _aDANIEL, W. W. | ||
| 245 | _aEssentials of Business Statistics | ||
| 260 |
_aBoston, _bHoughton Mifflin Company, _c1984. |
||
| 300 |
_a198p.: ill,; figure, graph, table _c23cm. |
||
| 942 |
_2ddc _cBKS |
||
| 999 |
_c1106 _d1106 |
||